KOHA-Header-6

Retailing Management (Record no. 6016)

000 -LEADER
fixed length control field 00262nam a2200109Ia 4500
008 - FIXED-LENGTH DATA ELEMENTS--GENERAL INFORMATION
fixed length control field 190906s9999||||xx |||||||||||||| ||und||
100 ## - MAIN ENTRY--PERSONAL NAME
Personal name Barton A. Weitz
245 #0 - TITLE STATEMENT
Title Retailing Management
260 ## - PUBLICATION, DISTRIBUTION, ETC. (IMPRINT)
Place of publication, distribution, etc New york
Name of publisher, distributor, etc Prentice Hall
Date of publication, distribution, etc 2001
300 ## - PHYSICAL DESCRIPTION
Extent 754
942 ## - ADDED ENTRY ELEMENTS (KOHA)
Koha item type Books
Holdings
Withdrawn status Lost status Damaged status Not for loan Collection code Permanent Location Current Location Shelving location Date acquired Full call number Barcode Date last seen Price effective from Koha item type
        Management MAJU MAJU   2019-09-06 658.848 3709 2019-09-06 2019-09-06 Management

Powered by Koha